000
00340nam a2200157Ia 4500
100
_a
Umarani/G.G./ Joshi/P.R
650
_a
Physics
942
_c
BK
654
_a
Physics
245
_a
Text book of Applied physics
260
_b
Nirali prakashan
_a
Pune
_c
1984
082
_a
530
_b
UMA
300
_a
270
546
_a
ENGLISH
999
_c
19096
_d
19096